El exterminio de la isla de Papayal Etnografa̕s sobre el Estado y la construccin̤ de paz en Colombia /

Detalles Bibliográficos
Autor principal: Garca̕ Arboleda, Juan Felipe
Formato: eBook
Lenguaje:español
Publicado: Bogot:̀ Pontificia Universidad Javeriana, 2019
Materias:
Acceso en línea:Acceso restringido

MARC

LEADER 00000nam a22000007a 4500
005 20201211104315.0
007 cr|||| ||||
008 201211s2019 co |||||s|||| 00||0 spa d
020 |a 978-958-781-349-4 
035 |a 32252 
040 |a vLex 
090 |c 10937  |d 10937 
100 1 |a Garca̕ Arboleda, Juan Felipe 
245 1 2 |a El exterminio de la isla de Papayal  |h [Recurso electrn̤ico] :  |b Etnografa̕s sobre el Estado y la construccin̤ de paz en Colombia /  |c Juan Felipe Garca̕ Arboleda 
256 |a Servicio en ln̕ea 
260 |a Bogot:̀  |b Pontificia Universidad Javeriana,  |c 2019 
300 |a 1 recurso electrn̤ico 
500 |a Por ms̀ de cuarenta aǫs la Isla de Papayal ha sido vc̕tima de numerosas prc̀ticas de exterminio que la han puesto en riesgo de desaparecer. Su vida y la de los campesinos que dependen de ella se encuentran en constante peligro de extincin̤. Este problema se acenta︢ cuando se considera que para algunas personas la Isla no existe, por lo que hay una seria contradiccin̤ entre aquellos que denuncian acciones violentas en ese territorio y aquellos que perpeta︢n estas prc̀ticas sin siquiera considerar que puedan estar contribuyendo a su desaparicin̤. En este Libro Juan Felipe Garca̕ lleva a cabo un trabajo investigativo extenso, el cual complementa con un estudio etnogrf̀ico, en el que estudia las ml︢tiples formas que han amenazado la existencia de esta isla, la cual ha sufrido los embates de los grupos armados, de la produccin̤ y el trf̀ico de drogas, de los efectos de la ganadera̕ indiscriminada y de la presin̤ ejercida por las grandes corporaciones que buscan explotar el cultivo del aceite de palma, entre muchos otros factores. Todo esto ha puesto en constante peligro la supervivencia de este territorio y de sus habitantes. A travš de la propuesta de una antropologa̕ de la ley se busca analizar la experiencia de la ley desde la base de la experiencia traumt̀ica, real, lo que hace que la ley emerja como un lugar desde el que se puede pretender la estabilizacin̤ del ser. 
506 1 |a Disponible solo en los productos indicados  |d vLex Global  |d vLex Global (Academic Edition, excluding Law Schools)  |d vLex Global (U.S. Academic Edition, Law Schools)  |d vLex Global (U.S. Academic Edition, excluding Law Schools)  |d vLex Global (Academic Edition, Law Schools) 
650 0 4 |a Gobierno  |z Colombia 
740 0 |a vLex Libros (Servicio en ln̕ea) 
856 4 0 |u http://vlex.com/source/exterminio-de-la-isla-de-papayal-etnografias-sobre-el-estado-y-la-construccion-de-paz-en-colombia-32252  |z Acceso restringido 
942 |c BOOK 
999 0 |a Government